Регионална библиотека "Любен Каравелов" - Русе

Пробудени камбани (Запис номер 174453)

MARC детайли
000 -Лидер
Контролно поле с фиксирана дължина 01368nam a2200361 c 4500
003 - Код на организацията, давaща контролен номер
Контролно поле BLK
005 - Дата и час на последна редакция
Контролно поле 20200820145120.0
008 - Елементи от данни с фиксирана дължина
fixed length control field 180411b bul|||||r ||||||| ||bul||
010 ## - Наследен системен номер
LC control number KNG00182935000
020 ## - Международен стандартен номер на книга ISBN
Международен стандартен номер на книга ISBN 978-954-337-229-4
-- издат.: Авангард принт
040 ## - Източник на каталожния запис
Идентификатор на билиотеката - собственик на записа BLK
041 ## - Код за език
Код за езика на текст/звукозапис или на отделно заглавие Български
Код за езика КДБФ Български
072 #7 - Код за тематичната категория
Код организация bullib
Код за тематична категория Я
Текст Автографи
072 #7 - Код за тематичната категория
Код организация bullib
Код за тематична категория Н83
Текст Чужда художествена литература Н
080 ## - УДК
Текстов определител УДК Хърватска литература
УДК код - определител по УДК 821.163.42
УДК определител -31
УДК - код + определител 821.163.42-31
100 1# - Редна дума - Автор
Автор Зубович, Соня
Авторска отговорност първи автор
R(LIN) 70301
139 ## - Редно поле
Редна дума Зубович, Соня
Авторски знак Зу - З 93
245 10 - Сведения за заглавието
Заглавие Пробудени камбани
Подзаглавни данни Роман
Редно поле (дума) Соня Зубович; прев. от хърв. Димана Митева.
257 ## - Страна на издаване
Страна на създаване/издаване Хърватия
260 ## - Област на издателските данни
-- Русе
Име на издателя, разпространителя и проч. Авангард принт
Година на издаване 2014
300 ## - Физическа характеристика
Страници 136 с.
Размери/Мащаб 21 см
380 ## - Жанр
Жанр Худож. лит.
500 ## - Общи забележки
Забележка Ориг. загл. Probudena zvona / Sonja Zubovic. - Съдържа и за авт.
653 ## - Ключова дума – ненормативна
Ключова дума романи
659 ## - Тематичен бюлетин
Тематичен бюлетин Н
659 ## - Тематичен бюлетин
Тематичен бюлетин Я
700 1# - Други автори (авторска отговорност)
Лично име Митева, Димана Лозкова
9 (RLIN) 335996
852 ## - Местоположение
Форматна сигнатура Цб 277159
856 4# - Електронен адрес и достъп
Електронен формат pdf - файл
Път до файла /url/
856 4# - Електронен адрес и достъп
Електронен формат pdf - файл
Път до файла /url/
942 ## - АРТИКУЛИ
Вид на библиотечния материал Книги
Скрит в OPAC Не
944 ## - СЪЗДАВАНЕ И РЕДАКЦИЯ на ЗАПИСА
Създаване/Редакция Създаване
Дата на регистрацията/редакция 29.09.2015
Статус, дата на статуса ф /
Служител, извършил регистрацията/редакцията Виолета_Тройчева
944 ## - СЪЗДАВАНЕ И РЕДАКЦИЯ на ЗАПИСА
Създаване/Редакция Редакция
Дата на регистрацията/редакция 27.10.2015
Статус, дата на статуса ф /
Служител, извършил регистрацията/редакцията Людмила_Стоянова
999 ## - СИСТЕМНИ КОНТРОЛНИ НОМЕРА
Koha biblionumber 174453
Koha biblioitemnumber 174453
Наличности
Код за отписване Код за изгубен артикул Код за повреда Коз за рестрикции Код за отдаване Артикулен № Име на библиотеката - собственик Име на библиотеката, в която се намира в момента Статус (Текущо местоположение) Дата на вписване в системата Местоположение - отдел Цена в лева Номерация (Хронология) Инвентарен номер Систематично азбучна сигнатура Баркод Номер на екземпляра Цена в евро Служебна бележка Служебен тип на артикула
  Не е изгубен Не е повреден без рестрикции ползва се в читалня 299449 Регионална библиотека "Любен Каравелов" Русе Регионална библиотека "Любен Каравелов" Русе Хранилище 2015-09-29 Основен фонд - ползва се само за читалня 8.00 Автограф: Соня Зубович 120000793241 Цб 277159 120000793241 1 4.09 Дост: DA Вид: А N: 19 Дата: 29.09.2015 Книги
  Не е изгубен Не е повреден без рестрикции ползва се в читалня 299450 Регионална библиотека "Любен Каравелов" Русе Регионална библиотека "Любен Каравелов" Русе Хранилище 2015-10-16 Хранилище 8.00   120000793820 Цб 277159 120000793820 2 4.09 Дост: Dp Вид: Д N: 36 Дата: 19.08.2015 Книги
Vip Innovations Ltd, Rousse, Bulgaria 2025